Lo que habrá de suceder: la década de 1975 a 1985
-д хадгалсан:
| Үндсэн зохиолчид: | , |
|---|---|
| Формат: | Ном |
| Хэл сонгох: | испани |
| Хэвлэсэн: |
Buenos Aires
Emecé
1972
|
| Хэвлэл: | 2a. ed |
| Цуврал: | Grandes Ensayistas
|
| Нөхцлүүд: | |
| Шошгууд: |
Шошго нэмэх
Шошго байхгүй, Энэхүү баримтыг шошголох эхний хүн болох!
|
MARC
| LEADER | 00000cam a2200000 a 4500 | ||
|---|---|---|---|
| 001 | UCD3801 | ||
| 003 | CL-VaPUC | ||
| 008 | 160616e19720900ag |||||||||||||||||spa|d | ||
| 082 | 0 | 4 | |a 303.4 |b KAH |2 21 |
| 100 | |a Kahn, Herman |e author |9 587380 | ||
| 700 | 0 | |a Bruce-Briggs, B |e author |9 587381 | |
| 245 | 1 | 3 | |a Lo que habrá de suceder: la década de 1975 a 1985 |
| 250 | |a 2a. ed | ||
| 300 | |a 252 p | ||
| 942 | |c BK | ||
| 945 | |d 20160616 22:39:00 |a arojas | ||
| 260 | |a Buenos Aires |b Emecé |c 1972 | ||
| 650 | 0 | |a Civilización moderna |9 265455 | |
| 650 | 0 | |a Postmodernismo |9 268655 | |
| 650 | 0 | |a Cambio social |9 256857 | |
| 650 | 0 | |a Problemas sociales |9 258537 | |
| 583 | |a last modification |c 20160616 22:39:00 |k Rodrigo Vera | ||
| 490 | 0 | |a Grandes Ensayistas | |
| 999 | |c 364816 |d 364814 | ||
| 952 | |0 0 |1 0 |3 erb |4 0 |6 303_400000000000000_KAH_1972 |7 0 |8 A |9 478405 |a FDOHBE |b FDOHBE |e Huesbe Llanos, Marco Antonio, 1934- |i 5330424 |o 303.4 KAH 1972 |p 5330424 |r 2024-01-30 |w 2019-11-24 |y BK |z Catalogado en:20160616 |k HBE | ||